| 000 | 00918nam a2200277 a 4500 | ||
|---|---|---|---|
| 005 | 20140311163042.0 | ||
| 008 | 120824s19uu xx 00 eng d | ||
| 020 | _a9781118026090 | ||
| 050 |
_aLB 3061.3 _b.H68 2012 |
||
| 100 | _aKlingner, Janette | ||
| 245 |
_aNow we get it! : _bboosting comprehension with collaborative strategic reading / _cJanette K. Klingner, [et al.]. |
||
| 250 | _a1st ed. | ||
| 260 |
_aSan Francisco, CA : _bJossey-Bass, _c2012. |
||
| 300 |
_a187 p. : _bill. ; _c26 cm. |
||
| 520 | _aIncludes bibliographical references and index | ||
| 521 | _aEDU | ||
| 650 |
_aMixed ability grouping in education _xUnited States |
||
| 650 |
_aReading _xUnited States |
||
| 650 | _aReading comprehension | ||
| 650 |
_aClassroom management _xUnited States |
||
| 700 | _aVaughn, Sharon | ||
| 700 | _aBoardman, Alison | ||
| 700 | _aSwanson, Elizabeth | ||
| 942 |
_cBK _2lcc _kFOR |
||
| 999 |
_c39762 _d39762 |
||